[Event "ZMDI-Open 2013"]
[Site "Dresden"]
[Date "2013.08.12"]
[Round "3"]
[White "Hecht, C."]
[Black "Steinert, F."]
[Result "1-0"]
[WhiteElo "2087"]
[BlackElo "1931"]
[PlyCount "41"]
[EventDate "2013.??.??"]

1. e4 e6 2. d4 d5 3. Nc3 Bb4 4. e5 c5 5. Qg4 Ne7 6. dxc5 Bxc3+ 7. bxc3 Qa5 8.
Bd2 Qxc5 9. Bd3 Nbc6 10. Nf3 Bd7 11. O-O O-O-O 12. Rab1 Na5 13. Be3 Qxc3 14.
Bxa7 Nec6 15. Bb6 f6 16. exf6 e5 17. Qh4 gxf6 18. Qxf6 Rde8 19. Qd6 Nd4 20.
Nxd4 exd4 21. Rb5 1-0

[Event "ZMDI-Open 2013"]
[Site "Dresden"]
[Date "2013.08.12"]
[Round "3"]
[White "Sturm, T."]
[Black "Herbrig, T."]
[Result "1-0"]
[WhiteElo "2030"]
[BlackElo "1921"]
[PlyCount "77"]
[EventDate "2013.??.??"]

1. d4 d5 2. Nf3 c6 3. c4 Nf6 4. Nc3 Bf5 5. e3 e6 6. Bd3 Bg6 7. O-O Nbd7 8. b3
Bb4 9. Bb2 O-O 10. Bxg6 hxg6 11. Qe2 Re8 12. Rfd1 Qe7 13. Ne5 Nxe5 14. dxe5 Nd7
15. Nb1 Rad8 16. Nd2 Qg5 17. f4 Qh6 18. Nf3 Bc5 19. Kh1 Be7 20. Bd4 g5 21. cxd5
cxd5 22. g3 b6 23. Rac1 Rc8 24. Qa6 Rxc1 25. Rxc1 Nc5 26. Bxc5 Bxc5 27. Nxg5 f6
28. b4 Bf8 29. Nf3 Qh5 30. Kg2 Qf5 31. Rc8 Re7 32. Qe2 Qe4 33. Kf2 Rf7 34. Qc2
Qxb4 35. exf6 Rxf6 36. Ng5 g6 37. h4 b5 38. h5 Qa4 39. Qc7 1-0

[Event "ZMDI-Open 2013"]
[Site "Dresden"]
[Date "2013.08.12"]
[Round "3"]
[White "Schulz, M."]
[Black "Efroimski, M."]
[Result "0-1"]
[WhiteElo "2046"]
[BlackElo "2306"]
[PlyCount "108"]
[EventDate "2013.??.??"]

1. e4 c5 2. Nc3 Nc6 3. f4 e6 4. Bc4 a6 5. a4 Nge7 6. Ba2 d5 7. d3 b5 8. Nce2
dxe4 9. dxe4 Qxd1+ 10. Kxd1 Bb7 11. c3 Ng8 12. Ng3 Na5 13. Nf3 Nf6 14. Re1 Nd7
15. Be3 bxa4 16. Nd2 Bc6 17. f5 O-O-O 18. fxe6 Ne5 19. Kc2 Bb5 20. Nf5 fxe6 21.
Bxe6+ Kb7 22. Bd5+ Rxd5 23. exd5 Bd3+ 24. Kd1 Bxf5 25. Rxa4 Bg4+ 26. Kc2 Bf5+
27. Kd1 Nd3 28. Rxa5 Nxe1 29. Kxe1 Bd6 30. Bxc5 Bxh2 31. Kf2 Bd3 32. Nf3 Bb8
33. Ra4 Re8 34. Rb4+ Kc8 35. Nd4 g5 36. Rb6 g4 37. Ne6 Bc4 38. Rc6+ Kb7 39.
Rb6+ Ka8 40. Nd4 g3+ 41. Kf3 Ba7 42. d6 Bxb6 43. Bxb6 Kb7 44. Bc7 Rg8 45. Kf4
h5 46. Nf5 Rg4+ 47. Ke5 h4 48. Ba5 Kc6 49. b3 Bd3 50. Ne7+ Kd7 51. Bb6 Re4+ 52.
Kd5 Re6 53. Bc5 Be4+ 54. Kd4 Bxg2 0-1

[Event "ZMDI-Open 2013"]
[Site "Dresden"]
[Date "2013.08.12"]
[Round "3"]
[White "Schöne, M."]
[Black "Brendel, B."]
[Result "1-0"]
[WhiteElo "2240"]
[BlackElo "2033"]
[PlyCount "119"]
[EventDate "2013.??.??"]

1. e4 e5 2. Nf3 Nc6 3. Bb5 a6 4. Ba4 Nf6 5. O-O Nxe4 6. d4 b5 7. Bb3 d5 8. dxe5
Be6 9. c3 Bc5 10. Nbd2 O-O 11. Bc2 Bf5 12. Nb3 Bxf2+ 13. Rxf2 Nxf2 14. Kxf2
Bxc2 15. Qxc2 f6 16. exf6 Qxf6 17. Kg1 Ne5 18. Nbd4 h6 19. b4 Rae8 20. Bd2 Qb6
21. Nxe5 Rxe5 22. Rf1 Rxf1+ 23. Kxf1 Re4 24. Qd3 c5 25. Nb3 Qf6+ 26. Kg1 cxb4
27. Qxd5+ Qe6 28. Qxe6+ Rxe6 29. cxb4 Rc6 30. Nc5 a5 31. Kf2 axb4 32. Bxb4 Rg6
33. g3 Rg4 34. a3 Rc4 35. Kf3 Kf7 36. Ne4 Rc2 37. h4 Ke6 38. Nc3 g5 39. hxg5
hxg5 40. Nxb5 Rc4 41. Nd6 Rd4 42. Ne4 Rd3+ 43. Ke2 Rd5 44. g4 Re5 45. Kd3 Rd5+
46. Ke3 Rb5 47. Bc3 Kd5 48. a4 Rb3 49. Kd3 Rb1 50. a5 Rg1 51. Nf6+ Kc6 52. Ke4
Rf1 53. Ke5 Rf2 54. Ke6 Rf3 55. Bd4 Rf1 56. Kf7 Rf4 57. Be3 Ra4 58. Bb6 Rb4 59.
Kg6 Rb5 60. Nh7 1-0

[Event "ZMDI-Open 2013"]
[Site "Dresden"]
[Date "2013.08.12"]
[Round "3"]
[White "Proschmann, T."]
[Black "Zahn, A."]
[Result "1/2-1/2"]
[WhiteElo "2091"]
[BlackElo "1985"]
[PlyCount "68"]
[EventDate "2013.??.??"]

1. e4 e5 2. Nf3 Nc6 3. Bb5 a6 4. Bxc6 dxc6 5. O-O Bg4 6. h3 Bh5 7. g4 Bg6 8.
Nxe5 Qh4 9. Qf3 f6 10. Nxg6 hxg6 11. Kg2 g5 12. d4 Ne7 13. Rh1 Qh7 14. Kf1
O-O-O 15. Be3 Kb8 16. Nd2 Qg8 17. Qe2 Qe6 18. Qc4 Qd7 19. Nf3 Ng6 20. Rd1 Bd6
21. d5 cxd5 22. Rxd5 Qe7 23. Qd4 b6 24. Qa4 Kb7 25. Nd4 Ne5 26. Nf5 Qf8 27. Kg2
g6 28. Nxd6+ Rxd6 29. Rxd6 Qxd6 30. Qd4 Qe7 31. Qd5+ Kb8 32. Qb3 Qd7 33. Qd5
Qe7 34. Qb3 Qd7 1/2-1/2

[Event "ZMDI-Open 2013"]
[Site "Dresden"]
[Date "2013.08.12"]
[Round "3"]
[White "Zimmermann, C."]
[Black "Niegsch, N."]
[Result "0-1"]
[WhiteElo "2045"]
[BlackElo "2004"]
[PlyCount "72"]
[EventDate "2013.??.??"]

1. e4 c5 2. Nf3 d6 3. d4 cxd4 4. Nxd4 Nf6 5. Nc3 Nc6 6. Bc4 Qb6 7. Nb3 e6 8.
Be3 Qc7 9. Qd2 a6 10. O-O-O Ne5 11. Be2 b5 12. f4 Nc4 13. Bxc4 bxc4 14. Nd4 Bb7
15. e5 dxe5 16. fxe5 Ne4 17. Nxe4 Bxe4 18. Nf3 Rb8 19. Rhf1 Bb4 20. Qd4 Qb7 21.
Qa7 O-O 22. Qxb7 Rxb7 23. c3 Be7 24. Rf2 a5 25. Rd4 Bd5 26. Rg4 Rfb8 27. Bh6
Bf8 28. Rc2 Kh8 29. Be3 a4 30. Nd2 a3 31. Nxc4 axb2+ 32. Kb1 h5 33. Rh4 Be7 34.
Rxh5+ Kg8 35. Nxb2 Be4 36. Bc1 Ba3 0-1

[Event "ZMDI-Open 2013"]
[Site "Dresden"]
[Date "2013.08.12"]
[Round "3"]
[White "Sponheim, M."]
[Black "Ditmas, H."]
[Result "1-0"]
[WhiteElo "2073"]
[BlackElo "1997"]
[PlyCount "87"]
[EventDate "2013.??.??"]

1. e4 c5 2. Nf3 Nc6 3. d4 cxd4 4. Nxd4 Nf6 5. Nc3 e5 6. Ndb5 d6 7. Nd5 Nxd5 8.
exd5 Nb8 9. Be3 a6 10. Na3 Bf5 11. Bd3 Bxd3 12. Qxd3 b5 13. c4 b4 14. Nc2 a5
15. a3 Na6 16. axb4 Nxb4 17. Nxb4 axb4 18. O-O Be7 19. Qb3 O-O 20. Qxb4 Rb8 21.
Qc3 f5 22. f3 Bf6 23. Rab1 f4 24. Bf2 e4 25. Bd4 e3 26. b4 Qd7 27. Bxf6 Rxf6
28. Qd4 Qf5 29. Rb2 h5 30. Rd1 h4 31. h3 Rg6 32. Kh2 Qg5 33. c5 Re8 34. Re2
dxc5 35. bxc5 Rd8 36. d6 Qf5 37. Qd5+ Qxd5 38. Rxd5 Rf6 39. Rc2 Re6 40. c6 e2
41. Rxe2 Rxe2 42. c7 Ra8 43. d7 Rea2 44. d8=Q+ 1-0

[Event "ZMDI-Open 2013"]
[Site "Dresden"]
[Date "2013.08.12"]
[Round "3"]
[White "Gungl, T."]
[Black "Scherer, F."]
[Result "0-1"]
[WhiteElo "1948"]
[BlackElo "2072"]
[PlyCount "62"]
[EventDate "2013.??.??"]

1. e4 c6 2. d4 d5 3. Nc3 dxe4 4. Nxe4 Bf5 5. Ng3 Bg6 6. h4 h6 7. Nf3 Nd7 8. h5
Bh7 9. Bd3 Bxd3 10. Qxd3 e6 11. Bf4 Qa5+ 12. Bd2 Bb4 13. c3 Be7 14. c4 Qc7 15.
O-O-O Ngf6 16. Kb1 O-O 17. Rhe1 a5 18. Qc2 Bb4 19. a3 Bxd2 20. Nxd2 Qf4 21.
Nde4 b5 22. Nxf6+ Nxf6 23. Ne4 bxc4 24. Nxf6+ Qxf6 25. Re3 Rab8 26. Rf3 Qg5 27.
Qxc4 Qxg2 28. Qc3 Rb5 29. Rg3 Qxf2 30. Rdg1 Rfb8 31. Rxg7+ Kh8 0-1

[Event "ZMDI-Open 2013"]
[Site "Dresden"]
[Date "2013.08.12"]
[Round "3"]
[White "Kempen, W."]
[Black "Klaus, J."]
[Result "0-1"]
[WhiteElo "2059"]
[BlackElo "1916"]
[PlyCount "82"]
[EventDate "2013.??.??"]

1. e4 c6 2. d4 d5 3. exd5 cxd5 4. c4 Nf6 5. Nc3 g6 6. Nf3 Bg7 7. Be3 O-O 8. Be2
Nc6 9. O-O Bf5 10. h3 Rc8 11. Ne5 dxc4 12. Nxc4 Nd5 13. Rc1 Nxc3 14. bxc3 Qc7
15. Bg4 Qd7 16. Qf3 Bxg4 17. hxg4 Rfd8 18. Rfd1 Qd5 19. Qxd5 Rxd5 20. f4 b6 21.
Bf2 e6 22. a4 Ne7 23. Nb2 Rd7 24. g3 Nd5 25. c4 Nf6 26. a5 Nxg4 27. axb6 axb6
28. Na4 Nxf2 29. Kxf2 Bxd4+ 30. Rxd4 Rxd4 31. Nxb6 Rc6 32. c5 Rd3 33. Rc4 Rb3
34. Nd7 Rb5 35. g4 h6 36. g5 hxg5 37. fxg5 Kg7 38. Ke3 Rc7 39. c6 Rxg5 40. Nb6
Ra5 41. Kd4 e5+ 0-1

[Event "ZMDI-Open 2013"]
[Site "Dresden"]
[Date "2013.08.12"]
[Round "3"]
[White "Stahr, R."]
[Black "Nixdorf, A."]
[Result "1-0"]
[WhiteElo "2079"]
[BlackElo "1933"]
[PlyCount "79"]
[EventDate "2013.??.??"]

1. c4 c6 2. e4 d5 3. Nc3 d4 4. Nce2 e5 5. d3 Bd6 6. f4 exf4 7. Nxf4 Ne7 8. Nf3
O-O 9. g3 Bg4 10. Bg2 Nd7 11. h3 Bxf3 12. Qxf3 Bb4+ 13. Kf2 Ne5 14. Qe2 N7g6
15. Rf1 Bc5 16. Bd2 Nxc4 17. Rfc1 Nxd2 18. Rxc5 Nxf4 19. gxf4 Qh4+ 20. Kg1 Qxf4
21. Rc2 Nxe4 22. Qxe4 Qxe4 23. Bxe4 f5 24. Bf3 Rfe8 25. Re2 Rxe2 26. Bxe2 Re8
27. Kf2 Re5 28. Rc1 c5 29. b4 b6 30. Rc4 Kf7 31. bxc5 Rxc5 32. Rxd4 Ra5 33. a4
Ke6 34. Bf3 g5 35. Bc6 h5 36. Be8 h4 37. Ke3 Re5+ 38. Kf3 Ra5 39. Rc4 Kd5 40.
Ke3 1-0

[Event "ZMDI-Open 2013"]
[Site "Dresden"]
[Date "2013.08.12"]
[Round "3"]
[White "Pössel, C."]
[Black "Eilers, J."]
[Result "0-1"]
[WhiteElo "1956"]
[BlackElo "2009"]
[PlyCount "76"]
[EventDate "2013.??.??"]

1. d4 Nf6 2. c4 c5 3. d5 b5 4. Qc2 bxc4 5. e4 d6 6. Bxc4 g6 7. Nf3 Bg7 8. O-O
O-O 9. Nc3 Ba6 10. Qd3 Bxc4 11. Qxc4 Nbd7 12. b3 Rb8 13. a3 Qb6 14. Qe2 Ne8 15.
Nd2 Nc7 16. Nc4 Qa6 17. Ra2 Nb6 18. Nxb6 Qxe2 19. Nxe2 Rxb6 20. Bg5 h6 21. Bc1
Rfb8 22. b4 cxb4 23. axb4 Rxb4 24. Rxa7 Rxe4 25. Rxc7 Rxe2 26. Be3 Re8 27. Rb1
g5 28. Kf1 Ra2 29. Rbb7 Bf6 30. Ra7 Rxa7 31. Rxa7 Rb8 32. Ra5 Kg7 33. Ke2 Rb7
34. Kd3 Be5 35. Ra6 f5 36. Bb6 Kf6 37. Kc4 f4 38. Kb5 Bd4 0-1

[Event "ZMDI-Open 2013"]
[Site "Dresden"]
[Date "2013.08.12"]
[Round "3"]
[White "Schwarz, H."]
[Black "Wolf, A."]
[Result "0-1"]
[WhiteElo "1905"]
[BlackElo "1988"]
[PlyCount "60"]
[EventDate "2013.??.??"]

1. e4 c5 2. Nf3 e6 3. d4 cxd4 4. Nxd4 a6 5. Bd3 d6 6. Nc3 Nf6 7. Be3 Qc7 8. O-O
Nbd7 9. Nb3 b5 10. a3 Bb7 11. f3 Nc5 12. Nxc5 dxc5 13. Qe1 c4 14. Be2 Bc5 15.
Qf2 Nd7 16. Rad1 Bxe3 17. Qxe3 Qc5 18. Qd4 Ke7 19. Rd2 Rhd8 20. Rfd1 f6 21. Kf2
e5 22. Qe3 Qxe3+ 23. Kxe3 Nc5 24. Rxd8 Rxd8 25. Rxd8 Kxd8 26. Kd2 Kc7 27. Nd1
Bc8 28. Kc3 Na4+ 29. Kb4 Kb6 30. Bxc4 a5+ 0-1

[Event "ZMDI-Open 2013"]
[Site "Dresden"]
[Date "2013.08.12"]
[Round "3"]
[White "Herbrig, A."]
[Black "Sturm, F."]
[Result "1/2-1/2"]
[WhiteElo "1766"]
[BlackElo "1962"]
[PlyCount "53"]
[EventDate "2013.??.??"]

1. e4 c6 2. d4 d5 3. Nc3 dxe4 4. Nxe4 Nd7 5. Ng5 Ngf6 6. Bd3 h6 7. N5f3 e6 8.
Ne2 Bd6 9. h3 Qc7 10. Be3 e5 11. dxe5 Nxe5 12. Nxe5 Bxe5 13. c3 Nd5 14. Bd4 O-O
15. Bc2 Re8 16. O-O Be6 17. Qd3 Nf6 18. Rad1 c5 19. Be3 Red8 20. Qb5 b6 21. Qa4
c4 22. Bd4 Bd7 23. Qa6 Bc6 24. f4 Bxd4+ 25. Nxd4 Bb7 26. Qa4 Nd5 27. Nf3
1/2-1/2

[Event "ZMDI-Open 2013"]
[Site "Dresden"]
[Date "2013.08.12"]
[Round "3"]
[White "Hartmann, T."]
[Black "Scholz, R."]
[Result "0-1"]
[WhiteElo "2016"]
[BlackElo "1879"]
[PlyCount "68"]
[EventDate "2013.??.??"]

1. e4 c5 2. Nf3 Nc6 3. d4 cxd4 4. Nxd4 e5 5. Nb5 d6 6. N1c3 a6 7. Na3 Be7 8.
Nd5 Nf6 9. f3 Nxd5 10. exd5 Nd4 11. Be3 O-O 12. Bd3 Bg5 13. Qd2 Bxe3 14. Qxe3
f5 15. O-O f4 16. Qf2 Bf5 17. Rad1 Rf6 18. c3 Bxd3 19. Rxd3 Nf5 20. Nc2 Rh6 21.
g4 fxg3 22. hxg3 Nxg3 23. Qxg3 Rg6 24. Qxg6 hxg6 25. Rf2 Qf6 26. Ne3 Rf8 27.
Ng4 Qf5 28. Re3 Qb1+ 29. Kg2 Qxa2 30. Rd3 Qc4 31. Rfd2 e4 32. Rd4 exf3+ 33. Kf2
Qc8 34. Nh2 Qh3 0-1

[Event "ZMDI-Open 2013"]
[Site "Dresden"]
[Date "2013.08.12"]
[Round "3"]
[White "Keeve, M."]
[Black "Enache, R."]
[Result "0-1"]
[WhiteElo "1932"]
[BlackElo "1696"]
[PlyCount "143"]
[EventDate "2013.??.??"]

1. d4 Nf6 2. c4 e6 3. Nc3 Bb4 4. Nf3 O-O 5. Bg5 h6 6. Bh4 Be7 7. e3 Nh5 8. Bxe7
Qxe7 9. Rc1 Nf6 10. Bd3 d5 11. O-O Nbd7 12. Qe2 Rd8 13. Rfd1 c6 14. Rd2 Nb6 15.
Ne5 Nfd7 16. f4 Nxe5 17. fxe5 dxc4 18. Bxc4 Nxc4 19. Qxc4 Bd7 20. Ne4 Be8 21.
Rf2 Rac8 22. a3 Rc7 23. b4 Rdd7 24. Rcf1 Kh8 25. Rf3 Qf8 26. Qxe6 Qe7 27. Qc4
Kg8 28. Rg3 Kh8 29. Qc2 g6 30. Nf6 Rd8 31. h4 h5 32. Qe2 Bd7 33. Rg5 Bg4 34.
Nxg4 hxg4 35. Qxg4 Qd7 36. Qxd7 Rdxd7 37. h5 gxh5 38. Rxh5+ Kg7 39. Rf6 Re7 40.
Rg5+ Kf8 41. Rh6 Re8 42. Kf2 Ke7 43. Rg7 Kd8 44. Rhh7 Ree7 45. Kf3 b6 46. Ke4
Kc8 47. Kf5 Kb7 48. g4 Ka6 49. g5 Kb5 50. Ke4 Ka4 51. g6 f5+ 52. Kxf5 Rxg7 53.
Rxg7 Rxg7 54. Kf6 Rb7 55. g7 Rb8 56. Kf7 Rb7+ 57. Kf6 Rb8 58. e6 Kxa3 59. e7
Kxb4 60. Kf7 c5 61. dxc5 Kxc5 62. g8=Q Rxg8 63. Kxg8 a5 64. e8=Q b5 65. Qc8+
Kb4 66. Qg4+ Ka3 67. e4 b4 68. e5 b3 69. Qd1 Ka2 70. e6 a4 71. e7 a3 72. e8=Q
0-1

[Event "ZMDI-Open 2013"]
[Site "Dresden"]
[Date "2013.08.12"]
[Round "3"]
[White "Biastoch, B."]
[Black "Felger, K."]
[Result "0-1"]
[WhiteElo "1640"]
[BlackElo "1901"]
[PlyCount "108"]
[EventDate "2013.??.??"]

1. e4 c6 2. d4 d5 3. exd5 cxd5 4. c4 Nf6 5. Nc3 e6 6. Nf3 Be7 7. cxd5 Nxd5 8.
Bc4 O-O 9. O-O Nc6 10. h3 a6 11. Nxd5 exd5 12. Bd3 Re8 13. Re1 Be6 14. Bf4 Rc8
15. Rc1 Bf6 16. Be5 Nxe5 17. Nxe5 Qb6 18. Rxc8 Rxc8 19. b3 g6 20. Bb1 Bg5 21.
Nf3 Bh6 22. Kh2 Qd6+ 23. g3 Qd7 24. h4 b5 25. Ng5 Bg4 26. f3 Bf5 27. g4 Bxb1
28. Qxb1 Qd6+ 29. Kg2 Qf4 30. Qd3 Bf8 31. Nh3 Qf6 32. g5 Qd6 33. Rh1 b4 34. Qd2
Rc3 35. Rf1 Qc6 36. Qf4 Rc2+ 37. Rf2 a5 38. Qe3 Rc3 39. Qf4 a4 40. bxa4 Qxa4
41. Qe5 Qc6 42. Re2 Rc2 43. Kf1 Qc4 44. Nf4 Rxa2 45. Qxd5 Ra1+ 46. Kf2 Qc1 47.
Kg3 Qg1+ 48. Ng2 Rd1 49. Re4 Rd2 50. Re8 Qxg2+ 51. Kf4 Qh2+ 52. Ke3 Re2+ 53.
Kd3 Rxe8 54. Qb3 Qe2# 0-1

[Event "ZMDI-Open 2013"]
[Site "Dresden"]
[Date "2013.08.12"]
[Round "3"]
[White "Glasewald, S."]
[Black "Koenig, J."]
[Result "1/2-1/2"]
[WhiteElo "2075"]
[BlackElo "1705"]
[PlyCount "116"]
[EventDate "2013.??.??"]

1. d4 d5 2. Nc3 Nf6 3. Bg5 Nbd7 4. Nf3 e6 5. e4 dxe4 6. Nxe4 Be7 7. Nxf6+ Nxf6
8. c3 O-O 9. Bd3 h6 10. Bf4 b6 11. O-O Bb7 12. Qe2 c5 13. Be5 Bd6 14. Rad1 Qe7
15. dxc5 Bxe5 16. Nxe5 Qxc5 17. Rd2 Rad8 18. Rfd1 Rd5 19. Nf3 Rfd8 20. Bc2 Rxd2
21. Rxd2 Rxd2 22. Nxd2 Qd5 23. f3 g5 24. Bb3 Qd6 25. Kh1 Ba6 26. Qe3 Qd3 27.
Qxd3 Bxd3 28. Kg1 Nd7 29. Kf2 Nc5 30. Ke3 e5 31. Bd5 Bb5 32. c4 Ba6 33. Ne4 Bb7
34. b4 Bxd5 35. cxd5 Nd7 36. g4 Kf8 37. Nd6 Ke7 38. Nc8+ Kd8 39. Nxa7 Nf6 40.
a3 Kd7 41. d6 Kxd6 42. Nc8+ Kc7 43. Ne7 Kd7 44. Nf5 h5 45. h3 hxg4 46. hxg4 e4
47. Nh6 exf3 48. Nxf7 f2 49. Kxf2 Nxg4+ 50. Ke2 Kc6 51. Kd2 Kb5 52. Kc3 Ka4 53.
Nxg5 Ne5 54. Ne4 Nc6 55. Nd2 Kxa3 56. Nc4+ Ka4 57. Nxb6+ Kb5 58. Nd5 Nxb4
1/2-1/2

[Event "ZMDI-Open 2013"]
[Site "Dresden"]
[Date "2013.08.12"]
[Round "3"]
[White "Schlegel, K."]
[Black "Dümmke, J."]
[Result "1-0"]
[WhiteElo "1749"]
[BlackElo "2028"]
[PlyCount "48"]
[EventDate "2013.??.??"]

1. d4 Nf6 2. c4 g6 3. Nc3 d5 4. cxd5 Nxd5 5. e4 Nxc3 6. bxc3 Bg7 7. Nf3 O-O 8.
Be3 c5 9. Qd2 Bg4 10. Be2 Qa5 11. Rd1 Nc6 12. Ng5 Bxe2 13. Kxe2 Rad8 14. Nf3
Qa6+ 15. Ke1 b5 16. Qc2 cxd4 17. cxd4 Rc8 18. Qd2 Rfd8 19. h4 h5 20. d5 Nb4 21.
Bd4 Nc2+ 22. Kf1 Nxd4 23. Nxd4 Rc4 24. Nc6 Rxc6 1-0

[Event "ZMDI-Open 2013"]
[Site "Dresden"]
[Date "2013.08.12"]
[Round "3"]
[White "Barlage, T."]
[Black "Thuma, H."]
[Result "1-0"]
[WhiteElo "1974"]
[BlackElo "1774"]
[PlyCount "67"]
[EventDate "2013.??.??"]

1. Nf3 c5 2. c4 g6 3. Nc3 Bg7 4. g3 Nf6 5. Bg2 Nc6 6. d4 cxd4 7. Nxd4 O-O 8.
O-O Nxd4 9. Qxd4 d6 10. h3 a6 11. Qd1 Qc7 12. Qb3 Rb8 13. Be3 b6 14. Rac1 Be6
15. Nd5 Bxd5 16. cxd5 Qb7 17. Rc6 Nd7 18. Qc2 Nc5 19. b4 a5 20. bxc5 bxc5 21.
Be4 Qb2 22. Ra6 Qxc2 23. Bxc2 Bc3 24. Bc1 Rfc8 25. f4 Kg7 26. f5 Rb5 27. Kg2
Rcb8 28. Ra7 Kf8 29. fxg6 hxg6 30. Bxg6 f6 31. Bd3 R5b7 32. Rxb7 Rxb7 33. Bh6+
Kg8 34. Rb1 1-0

[Event "ZMDI-Open 2013"]
[Site "Dresden"]
[Date "2013.08.12"]
[Round "3"]
[White "Schneider, M."]
[Black "Mühle, H."]
[Result "0-1"]
[WhiteElo "1700"]
[BlackElo "1927"]
[PlyCount "86"]
[EventDate "2013.??.??"]

1. c4 Nf6 2. g3 d5 3. Bg2 e5 4. cxd5 Nxd5 5. Nc3 Nxc3 6. bxc3 Bc5 7. Nf3 Nc6 8.
O-O O-O 9. Bb2 Re8 10. d4 exd4 11. cxd4 Bd6 12. e3 Bg4 13. h3 Bf5 14. Kh2 Be4
15. d5 Nb4 16. Ne1 Bxg2 17. Kxg2 Qe7 18. Kg1 Qe4 19. a3 Nxd5 20. Qb3 Nb6 21.
Rd1 Qe6 22. Qc2 Qxh3 23. Nf3 Qh5 24. Kg2 Qg6 25. Qc3 Na4 26. Qb3 Nxb2 27. Qxb2
b6 28. Rd5 Qe4 29. Rd4 Qe6 30. Qc2 Qg6 31. Qc4 Qe6 32. Qd3 Bc5 33. Rf4 Rad8 34.
Qc2 Qg6 35. Qc3 Qd3 36. Qb2 Re4 37. Ne5 Qd5 38. Rxe4 Qxe4+ 39. Nf3 Rd6 40. Qe2
Rf6 41. Rh1 g5 42. Kf1 Qxf3 43. Qc2 Qxh1+ 0-1

[Event "ZMDI-Open 2013"]
[Site "Dresden"]
[Date "2013.08.12"]
[Round "3"]
[White "Udet, F."]
[Black "Schöhl, G."]
[Result "0-1"]
[WhiteElo "1711"]
[BlackElo "1909"]
[PlyCount "98"]
[EventDate "2013.??.??"]

1. e4 c5 2. c3 b6 3. d4 Bb7 4. e5 Nc6 5. Nf3 e6 6. Be2 Qc8 7. O-O Ba6 8. Re1
Bxe2 9. Qxe2 cxd4 10. cxd4 Bb4 11. Bd2 Nge7 12. a3 Bxd2 13. Nbxd2 O-O 14. Nc4
Nd5 15. Nd6 Qd8 16. b4 Nce7 17. Qd2 Ng6 18. Ng5 f5 19. Rac1 f4 20. Nf3 Nh4 21.
Qd3 Nf5 22. Nxf5 Rxf5 23. g3 fxg3 24. fxg3 Rc8 25. Rf1 Rxc1 26. Rxc1 Qf8 27.
Kg2 g5 28. Rf1 Qh6 29. Qd2 Qf8 30. Qd3 g4 31. Ng5 Ne3+ 32. Qxe3 Rxf1 33. Ne4
Rf5 34. Nf6+ Kh8 35. Qe4 h5 36. d5 Qc8 37. dxe6 dxe6 38. Qd3 Qb7+ 39. Kg1 Qc8
40. Qd2 Kg7 41. Kg2 Rxe5 42. h3 Qc6+ 43. Kh2 Kxf6 44. Qh6+ Ke7 45. Qg7+ Kd6 46.
Qf8+ Kd5 47. Qf2 Qc4 48. Qd2+ Kc6 49. Qg2+ Kc7 0-1

[Event "ZMDI-Open 2013"]
[Site "Dresden"]
[Date "2013.08.12"]
[Round "3"]
[White "Siegl, D."]
[Black "Nobis, A."]
[Result "0-1"]
[WhiteElo "1888"]
[BlackElo "1759"]
[PlyCount "82"]
[EventDate "2013.??.??"]

1. e4 c5 2. Nf3 Nc6 3. Bb5 d6 4. d4 cxd4 5. Nxd4 Bd7 6. O-O Rc8 7. Nc3 e5 8.
Nxc6 bxc6 9. Bd3 Be7 10. Be3 Qc7 11. Qe2 Nf6 12. f3 d5 13. exd5 cxd5 14. Rfe1
O-O 15. Bf2 Bd6 16. Bg3 Qb6+ 17. Kh1 Qxb2 18. Nb5 Bxb5 19. Bxb5 Rxc2 20. Qf1
Nh5 21. Ba4 Nxg3+ 22. hxg3 Rf2 23. Qg1 Bc5 24. Bb3 Qa3 25. Rac1 Bb6 26. Qh2 Qd6
27. Red1 d4 28. Bc2 h6 29. g4 Re2 30. Be4 Qe7 31. Rc6 Qg5 32. Bd5 d3 33. Bc4
Rc2 34. f4 Qxg4 35. Rf1 exf4 36. Rxb6 axb6 37. Bxd3 Rxa2 38. Bc4 Rc2 39. Bb3
Rb2 40. Bd5 Qf5 41. Bf3 Rb1 0-1

[Event "ZMDI-Open 2013"]
[Site "Dresden"]
[Date "2013.08.12"]
[Round "3"]
[White "Mäder, J."]
[Black "Schnoor, F."]
[Result "1-0"]
[WhiteElo "1855"]
[BlackElo "1748"]
[PlyCount "47"]
[EventDate "2013.??.??"]

1. d4 g6 2. g3 Bg7 3. Bg2 d6 4. c4 Nd7 5. Qc2 Bxd4 6. Nf3 Bg7 7. O-O e5 8. e4
Ne7 9. Nc3 O-O 10. Nd5 f5 11. Bg5 Nf6 12. Nh4 Nc6 13. Qd3 Nd4 14. f4 c6 15. Ne3
Qb6 16. Rf2 fxe4 17. Bxe4 Nxe4 18. Qxe4 Bg4 19. Nxg4 Rae8 20. Kg2 exf4 21. Qd3
fxg3 22. Rxf8+ Rxf8 23. Kxg3 Ne2+ 24. Qxe2 1-0

[Event "ZMDI-Open 2013"]
[Site "Dresden"]
[Date "2013.08.12"]
[Round "3"]
[White "Osterloh, F."]
[Black "Priese, A."]
[Result "1-0"]
[WhiteElo "1752"]
[BlackElo "1678"]
[PlyCount "89"]
[EventDate "2013.??.??"]

1. Nf3 d5 2. g3 Nf6 3. Bg2 c6 4. O-O Bf5 5. d3 Nbd7 6. Nbd2 e5 7. Re1 Bd6 8. e4
Be6 9. h3 O-O 10. Nh4 Qc7 11. Nf5 Bc5 12. g4 Rad8 13. Qe2 Kh8 14. Nf3 dxe4 15.
dxe4 Nb6 16. b3 Rfe8 17. Bg5 a5 18. Bxf6 gxf6 19. g5 Rg8 20. gxf6 Rg6 21. N3h4
Rxf6 22. Kh1 Bxf5 23. Nxf5 Rg6 24. Rg1 Rd7 25. Bf3 Qd8 26. Rad1 Rxg1+ 27. Kxg1
Qg5+ 28. Kf1 Rxd1+ 29. Qxd1 Qf6 30. Qd2 Bb4 31. c3 Bc5 32. Ke2 Kg8 33. h4 Qe6
34. Qd8+ Bf8 35. Qxb6 a4 36. Qxb7 axb3 37. axb3 c5 38. Qb5 Qc8 39. Qc4 Qa8 40.
Bh5 Qb7 41. Qd5 Qc7 42. Kf3 Qb8 43. Qxf7+ Kh8 44. Qf6+ Kg8 45. Bf7# 1-0

[Event "ZMDI-Open 2013"]
[Site "Dresden"]
[Date "2013.08.12"]
[Round "3"]
[White "Bui, H."]
[Black "Zienert, R."]
[Result "1-0"]
[WhiteElo "1632"]
[BlackElo "1845"]
[PlyCount "39"]
[EventDate "2013.??.??"]

1. e4 c5 2. Nf3 d6 3. d4 cxd4 4. Nxd4 Nf6 5. Nc3 a6 6. Bd3 Nbd7 7. O-O e6 8.
Kh1 Be7 9. f4 O-O 10. Qe2 Qc7 11. Bd2 b5 12. Rae1 Bb7 13. e5 Nd5 14. Rf3 Nxc3
15. Bxh7+ Kxh7 16. Rh3+ Kg8 17. Qh5 f6 18. Qh7+ Kf7 19. Rg3 Rg8 20. Qg6+ 1-0

[Event "ZMDI-Open 2013"]
[Site "Dresden"]
[Date "2013.08.12"]
[Round "3"]
[White "Weißpflog, J."]
[Black "Niemann, S."]
[Result "1-0"]
[WhiteElo "2037"]
[BlackElo "1760"]
[PlyCount "87"]
[EventDate "2013.??.??"]

1. c4 Nf6 2. Nf3 g6 3. Nc3 d6 4. d4 Bg7 5. e4 O-O 6. h3 Nbd7 7. Be3 e5 8. d5
Ne8 9. g4 c5 10. Bd3 a6 11. Nd2 Qh4 12. Nf3 Qd8 13. Rg1 Qa5 14. h4 f6 15. h5 g5
16. a3 Nc7 17. Bd2 Qb6 18. b4 cxb4 19. axb4 Ne8 20. Na4 Qd8 21. Qc2 b6 22. c5
bxc5 23. bxc5 dxc5 24. Nxc5 Nxc5 25. Qxc5 Qd6 26. Qa5 Qc7 27. Qa2 Nd6 28. Ke2
Qd7 29. Ne1 Nb5 30. Nc2 Bb7 31. f3 Kh8 32. Qb3 Rfc8 33. Bxb5 axb5 34. Rxa8 Rxa8
35. Rb1 b4 36. Qxb4 Ba6+ 37. Ke1 Bf8 38. Qb6 Bd3 39. Ra1 Rxa1+ 40. Nxa1 Bd6 41.
Nb3 Qe7 42. Na5 Bc7 43. Qa7 Qa3 44. Qxc7 1-0

[Event "ZMDI-Open 2013"]
[Site "Dresden"]
[Date "2013.08.12"]
[Round "3"]
[White "Kießling, A."]
[Black "Reiche, N."]
[Result "1-0"]
[WhiteElo "1995"]
[BlackElo "1767"]
[PlyCount "65"]
[EventDate "2013.??.??"]

1. Nf3 Nf6 2. g3 g6 3. Bg2 Bg7 4. O-O O-O 5. d3 d5 6. Nbd2 Nc6 7. e4 e5 8. Re1
d4 9. Nc4 Re8 10. a4 Bg4 11. h3 Bd7 12. Bd2 Qc8 13. Kh2 a5 14. Qc1 h5 15. Ng5
Nh7 16. Rf1 f6 17. Nf3 g5 18. Qe1 b6 19. Ng1 Nf8 20. f4 Ne6 21. f5 Ned8 22. Bf3
g4 23. hxg4 hxg4 24. Bxg4 Nf7 25. Nf3 Bh6 26. Bh5 Bxd2 27. Qxd2 Kg7 28. Kg2 Rh8
29. Rh1 Bxf5 30. exf5 Qxf5 31. Bxf7 Kxf7 32. Raf1 Rxh1 33. Nfxe5+ 1-0

[Event "ZMDI-Open 2013"]
[Site "Dresden"]
[Date "2013.08.12"]
[Round "3"]
[White "Renger, N."]
[Black "Klein, G."]
[Result "0-1"]
[WhiteElo "1667"]
[BlackElo "1953"]
[PlyCount "78"]
[EventDate "2013.??.??"]

1. e4 c5 2. Nf3 Nc6 3. d4 cxd4 4. Nxd4 g6 5. Nc3 Bg7 6. Be3 Nf6 7. Bc4 Qa5 8.
Nb3 Qb4 9. Bd3 Nxe4 10. Bxe4 Bxc3+ 11. bxc3 Qxe4 12. O-O O-O 13. Re1 Qc4 14.
Qd2 d6 15. Nd4 Nxd4 16. Bxd4 Qc7 17. Be3 Bf5 18. Bh6 Rfe8 19. f3 b6 20. Rad1
Rac8 21. Re3 Qc4 22. g4 Be6 23. Kg2 Qc5 24. h4 b5 25. h5 b4 26. hxg6 hxg6 27.
Rh1 Qd5 28. Rd3 bxc3 29. Qd1 Qxa2 30. Kg3 Rc5 31. Rh2 Rd5 32. Qh1 Rxd3 33. cxd3
Qd5 34. Bf4 Qd4 35. g5 Qg7 36. Qg1 Rc8 37. Be3 Bf5 38. Qd1 e5 39. Qc2 Rb8 0-1

[Event "ZMDI-Open 2013"]
[Site "Dresden"]
[Date "2013.08.12"]
[Round "3"]
[White "Kühnast, V."]
[Black "Bregenzer, M."]
[Result "1/2-1/2"]
[WhiteElo "1936"]
[BlackElo "1740"]
[PlyCount "35"]
[EventDate "2013.??.??"]

1. e4 e5 2. Nf3 Nc6 3. Bc4 Bc5 4. c3 Nf6 5. d3 d6 6. Bb3 Be6 7. Nbd2 O-O 8. Bc2
Ng4 9. O-O f5 10. Qe2 f4 11. Nb3 Bb6 12. d4 Bd7 13. h3 Nh6 14. dxe5 dxe5 15.
Rd1 Qc8 16. Kh2 Nf7 17. Nbd2 g5 18. b4 1/2-1/2